Statistics for Flag Chain Mystery Puzzle

Click here to take the quiz!

General Stats

  • This quiz has been taken 105 times
  • The average score is 10 of 16

Answer Stats

FlagCountry % Correct
Italy
100%
France
88%
Netherlands
78%
Malaysia
69%
United States
69%
Vietnam
66%
Yemen
64%
China
63%
Liberia
58%
Sudan
56%
Poland
53%
Chile
52%
Czech Republic
47%
Taiwan
39%
Liechtenstein
38%
Philippines
33%

Score Distribution

Percentile by Number Answered

Percent of People with Each Score

Your Score History

You have not taken this quiz